|
|
|
|
| LEADER |
00000nam a2200000 i 4500 |
| 001 |
1/28874 |
| 008 |
130423s2004 eng d |
| 020 |
|
|
|a 0-486-43927-5 (pbk.)
|
| 035 |
|
|
|l 10114273
|
| 040 |
|
|
|a GR-MY-UA
|b gre
|e aacr
|
| 041 |
0 |
|
|a eng
|
| 082 |
0 |
|
|a 519.5
|2 (22)
|
| 100 |
1 |
|
|a Kendall, Maurice George
|d 1907-
|
| 245 |
1 |
2 |
|a A course in the geometry of n dimensions /
|c M.G. Kendall
|
| 260 |
|
|
|a Mineola :
|b Dover,
|c 2004
|
| 300 |
|
|
|a viii, 63 σ.;
|c 22 εκ.
|
| 504 |
|
|
|a Βιβλιογραφία: σ.63
|
| 650 |
0 |
0 |
|a Hyperspace.
|
| 852 |
|
|
|a INST
|b CHIOS
|e 20130423
|h 519.5 ΚΕΝ
|p 005200035402
|q 005200035402
|t BK
|y 0
|
| 901 |
|
|
|a BIBL2-2013-1
|
| 909 |
|
|
|a Χ
|b 177322
|
| 922 |
|
|
|a 2ΕΛΗ
|b 201210
|c ΤΑΚ/ΤΜΟΔ
|d ΙΩΑΝΝΙΔΟΥ
|
| 970 |
|
|
|a ΣΠΕΝΤΖΑ
|b ΕΛΕΝΗ
|z 2013/04/23
|